LEADER 01011nam a2200265 i 4500 001 000000159871 003 CaOOAMICUS 005 20070306000000.0 008 070306s1982 it u000 u ita u 013 $a137234 040 $aSeMil$bita 100 1 $aPasqualino, Fortunato <1923-2008>.$0(OLS)http://semarc/name/19899 245 12$aI segni dell'anima :$besperienze interiori /$cFortunato Pasqualino. 260 $aMilano :$bRusconi,$c1982. 300 $a143 p. ;$c19 cm. 490 0 $aProblemi attuali 500 $aFondo Card. Giovanni Colombo. 650 4$aMeditazioni.$0(OLS)http://semarc/subject/1352 830 0$aProblemi attuali.$0(OLS)http://semarc/title/7307 850 $aSeMil 852 $aSeMil$W1$xVenegono$y1$m1D II 214$j111389$B111389$CSeMilBibl$Z2$F121149 $81 941 1 $a3 961 $aLascito: Colombo Card. Giovanni 996 $6245$aI segni dell'anima :$besperienze interiori$9(OLS)http://semarc/title/142166 996 $6260$aMilano :$bRusconi$9(OLS)http://semarc/publisher/30258 LEADER 00419naa a2200133 i 4500 001 000000322168 003 CaOOAMICUS 005 20180831173400.0 008 180831n xx u000 u ger u 013 $a32459 040 $aSeMil$bita 245 14$aDas Vaterunser des Matthaus. 650 4$aBibbia - NT - Matteo - Padre Nostro.$0(OLS)http://semarc/subject/12632 996 $6245$aDas Vaterunser des Matthaus$9(OLS)http://semarc/title/395699